000 01306nam a2200217Ia 4500
999 _c46204
_d46204
001 13037
003 GE_BSU
005 20240711121638.0
008 181216s2014||||ge |||||||||||||| ||geo||
040 _cGE_BSU
041 _ageo
080 _a336.14(479):353(479.223) ძ-71
100 _aძნელაძე, ლედი
_922804
245 _aსაბიუჯეტო ურთიერთობათა სრულყოფის საკითხები ცენტრსა და რეგიონს შორის გარდამავალ პერიოდში(აჭარის ავტონომიური რესპუბლიკის მაგალითზე) :
_bმონოგრაფია /
_cლედი ძნელაძე.
264 _aბათუმი :
_bშპს ”ოფსეტი”,
_c2011.
300 _a129 გვ. ;
_c20 სმ.
520 _aრეზიუმე ინგლისურ ენაზე
653 _aსაბიუჯეტო ურთიერთობათა სრულყოფის საკითხები ცენტრსა და რეგიონს შორის გარდამავალ პერიოდში
653 _aმონოგრაფია
942 _cBK
_2udc